[Event "Moscow ch-T 2018"]
[Site "Moscow"]
[Date "2018.09.20"]
[Round "1"]
[White "Kovtunenko, Alexandr"]
[Black "Afanasiev, Nikita"]
[Result "0-1"]
[WhiteElo "2139"]
[BlackElo "2487"]
[Annotator "TA"]
[PlyCount "84"]
[EventDate "2018.09.20"]
[EventType "team-tourn"]
[EventCountry "RUS"]
[SourceTitle "playchess.com"]
[Source "ChessBase"]
[SourceQuality "1"]

{[%evp 18,84,30,32,59,25,28,33,54,0,16,0,0,-25,-24,-35,0,0,31,14,30,20,18,20,22,0,0,0,0,0,0,-9,45,25,29,25,48,26,27,0,16,0,0,-65,-65,-72,-83,-63,0,-7,0,0,0,-139,-135,-280,-247,-493,-379,-2558,-2550,-2106,-1722,-29989,-29990,-29990,-29991,-29994,-29992]} 1. e4 c5 2. Nf3 e6 3. d4 cxd4 4. Nxd4 Nc6 5. Nc3 Qc7 6. g3 a6 7. Bg2 Nf6 8. O-O h5 {B47: Sizilianisch (Paulsen/Taimanow-Variante)} (8... Be7 9. Re1 O-O 10. Nxc6 dxc6 11. e5 Rd8 12. Qe2 Nd5 {½-½ (12) Mamedov,R (2708)-Andreikin,D (2702) Minsk 2018}) 9. h3 Bc5 10. Nb3 {LiveBook: 7 Partien} Be7 {Weiß steht etwas besser.} 11. Bf4 $146 ({Vorgänger:} 11. a4 b6 12. f4 d6 13. Qf3 Bb7 14. Qf2 Nd7 15. Be3 Rb8 16. Rad1 {1-0 (35) Syrov,A (2279)-Siegert,G (1750) Duesseldorf 2017}) 11... d6 12. a4 Bd7 13. Nc5 (13. Be3 $14) 13... Ne5 14. Nxd7 Nfxd7 15. Qc1 Rc8 16. Bg5 Qd8 17. Bxe7 Qxe7 (17... Kxe7 {seems wilder.} 18. Kh1 Qb6 19. Ra3 Qd4 20. Ne2 Qc4) 18. f4 Nc6 19. Qd2 Nb6 20. b3 O-O 21. Qf2 Nd7 22. Nd1 Nf6 23. Ne3 b5 24. g4 {[%cal Bg3g4,Bg4g5][%mdl 32]} g6 (24... hxg4 $11 25. hxg4 Qc7) 25. axb5 axb5 26. g5 Nd7 27. Rfd1 Rfd8 28. Ra6 Nc5 29. Rb6 Na7 $1 {[#] Droht ...Dc7 und aus.} 30. Qd2 ({Besser ist} 30. f5 $1 $11) 30... d5 $1 $15 31. exd5 Qc7 $1 {[%csl LRb6,LRf4]} 32. Qa5 {Und weiter mit d6 wäre nett.} Rd6 (32... Qxf4 $15 33. Re1 Rd7) 33. Rxb5 $1 $11 Nxb5 34. Qxb5 Qa7 $36 {[%mdl 2048] zielt auf ...exd5 ab. Schwarz hat Initiative.} 35. Kh1 {[#]} (35. Qc4 $11 exd5 36. Qd4 (36. Bxd5 Rdd8 $11) (36. Rxd5 Rxd5 37. Bxd5 Re8 $11)) 35... Ne4 $1 $17 {[%mdl 512]} 36. Re1 (36. Bxe4 $17 Qxe3 37. Qd3) 36... Qd4 $19 37. dxe6 $2 (37. Kh2 {war die einzige Chance.}) 37... Rxe6 38. f5 $2 (38. Bxe4 Qxe4+ 39. Ng2) 38... Ng3+ 39. Kh2 Nxf5 40. Nxf5 Qf4+ {Schwarz setzt Matt.} 41. Ng3 Rxe1 42. Qd7 Rce8 {Precision: Weiß = 33%, Schwarz = 66%.} 0-1

[Event "Moscow ch-T 2018"]
[Site "Moscow"]
[Date "2018.09.20"]
[Round "1"]
[White "Milovanova, Maria"]
[Black "Dvalishvili, Pavel S."]
[Result "0-1"]
[WhiteElo "2007"]
[BlackElo "2408"]
[Annotator "TA"]
[PlyCount "88"]
[EventDate "2018.09.20"]
[EventType "team-tourn"]
[EventCountry "RUS"]
[SourceTitle "playchess.com"]
[Source "ChessBase"]
[SourceQuality "1"]

{[%evp 19,88,0,0,-12,0,-61,-53,-50,-26,-26,-24,-49,-32,-92,-94,-112,-100,-127,-155,-157,-144,-164,-127,-239,-239,-249,-249,-240,-232,-236,-218,-264,-171,-175,-174,-177,-170,-181,-167,-368,-364,-349,-322,-439,-269,-436,-424,-1164,-620,-585,-566,-655,-368,-564,-564,-564,-549,-886,-891,-2307,-2211,-1797,-1817,-1529,-1335,-5406,-5389,-29989,-29990,-29990,-29982]} 1. d4 Nf6 2. c4 e6 3. Nf3 b6 4. g3 Bb7 5. Bg2 Bb4+ 6. Nbd2 c5 7. a3 Bxd2+ 8. Qxd2 cxd4 {E16: Damenindisch (Hauptfortsetzung mit Lb4)} 9. Qxd4 (9. O-O Bxf3 10. exf3 Nc6 11. f4 O-O 12. b4 Rc8 13. Bb2 d6 14. Bxc6 Rxc6 15. Qxd4 Qc7 16. Rfc1 Rc8 17. b5 Rc5 18. a4 Ne8 19. Qe3 Qb7 20. Qd3 Qc7 21. Qe3 Qb7 22. Qd3 Qc7 23. Qe3 {½-½ (23) Wei,Y (2696)-Karjakin,S (2773) Bilbao 2016}) 9... Nc6 {[%cal Bb8c6,Bc6a5,Ba5b3][%mdl 32]} 10. Qc3 Rc8 {LiveBook: 14 Partien. Die Stellung ist ausgeglichen.} 11. b3 $146 ({Vorgänger:} 11. O-O Na5 12. b3 d5 13. Rd1 O-O 14. Bb2 Qe7 15. Ne5 dxc4 16. Bxb7 Nxb7 17. bxc4 {½-½ (48) Romanov,E (2625)-Akopian,V (2660) Jerusalem 2015}) 11... Na5 12. Bb2 (12. O-O $11) 12... d5 $1 $15 {[%cal Rd5c4]} 13. Rd1 Qe7 {[%cal Rd5c4]} 14. O-O dxc4 15. b4 Nb3 16. Qe5 (16. Nd2 $15 Nxd2 17. Rxd2) 16... O-O $17 17. Bc3 Rfd8 18. g4 Qf8 19. Ng5 Bxg2 20. Kxg2 h6 21. Nf3 (21. Ne4 $17 Nd5 22. Rfe1) 21... Rd5 (21... Nxg4 22. Rxd8 Nxe5 23. Rxf8+ Kxf8 24. Nxe5 $16) 22. Qf4 Rxd1 23. Rxd1 Nd5 24. Qe5 Rd8 25. Bd4 {[#]} Nc3 $1 {[%mdl 512]} 26. Re1 (26. Bxc3 Rxd1) 26... Rd5 $36 {[%mdl 2048] Schwarz hat starke Initiative.} 27. Qe3 Nxd4 28. Nxd4 Qd6 29. Nf5 $2 (29. Nf3 Nb5 30. Rc1) 29... exf5 $19 30. Qxc3 {[%mdl 4096] Endspiel KDT-KDT} b5 ({Schwächer ist} 30... fxg4 31. Qxc4 Rh5 32. Rh1 $17) 31. Qe3 Qd7 32. Rc1 $2 (32. gxf5 {ist wohl besser.} Rxf5 33. Kh1) 32... fxg4 33. Rc3 (33. a4 $142 a6 34. axb5 axb5 35. Kg1) 33... a6 34. Qb6 Rd6 35. Qb8+ Qd8 36. Qb7 (36. Qxd8+ {war die einzige Chance.} Rxd8 37. Kg3) 36... Rb6 37. Qe4 Re6 38. Qb7 Rxe2 39. Rg3 Qf6 40. Qc8+ Kh7 41. Qc5 Re5 42. Qc7 Qf5 {[#] ( -> ...De4+)} 43. Qd8 Qe4+ 44. Kg1 Rd5 {Precision: Weiß = 21%, Schwarz = 71%.} 0-1

[Event "Moscow ch-T 2018"]
[Site "Moscow"]
[Date "2018.09.20"]
[Round "1"]
[White "Razumovskiy, Mikhail"]
[Black "Kozionov, Kirill"]
[Result "0-1"]
[WhiteElo "1944"]
[BlackElo "2458"]
[Annotator "TA"]
[PlyCount "110"]
[EventDate "2018.09.20"]
[EventType "team-tourn"]
[EventCountry "RUS"]
[SourceTitle "playchess.com"]
[Source "ChessBase"]
[SourceQuality "1"]

{[%evp 24,110,61,75,111,69,80,75,82,83,64,25,52,-7,37,36,44,-26,0,-7,-10,-13,-19,-52,-52,-33,-12,-26,-14,-15,-13,-16,-12,-30,-15,-33,0,-83,-17,-71,0,0,0,0,0,-107,-15,-27,-30,-45,-16,-51,-49,-128,-120,-216,-181,-228,-170,-415,-239,-247,-260,-250,-253,-249,-51,-255,-202,-710,-322,-302,-302,-371,-337,-366,-330,-362,-289,-701,-684,-29976,-29976,-29992,-29991,-29991,-29992,-29992,-29993]} 1. d4 Nf6 2. c4 g6 3. f3 Bg7 4. e4 d6 5. Nc3 O-O 6. Be3 Nc6 7. Nge2 a6 8. Qd2 Na5 {E83: King's Indian: Sämisch Panno (6...Nc6): Lines without either Nge2 or Qd2} 9. Nc1 (9. b3 b5 10. cxb5 axb5 11. Rc1 c6 12. Ng3 h5 13. Bd3 e5 14. Nge2 b4 15. Na4 exd4 16. Bxd4 {0-1 (23) Topalov,V (2760)-Nakamura,H (2779) Saint Louis 2016}) 9... Nd7 10. Be2 $146 ({Predecessor:} 10. Rb1 c5 11. dxc5 dxc5 12. Nb3 Nxb3 13. axb3 e6 14. Be2 Qb6 15. f4 Qc7 16. Rd1 {1-0 (41) Ben Artzi,I (2417)-Vorobiov,E (2571) Cappelle-la-Grande 2016}) 10... c5 11. dxc5 dxc5 12. Nb3 Nxb3 13. axb3 {LiveBook: 3 Games} b6 14. Rd1 e6 15. O-O Qc7 16. f4 Rd8 17. e5 Bb7 18. Qc2 (18. Qd6 $14 Qc6 19. Qxc6 Bxc6 20. Bf2) 18... Nb8 {[%cal Bd7b8,Bb8c6,Bc6d4][%mdl 32]} 19. Rxd8+ Qxd8 20. b4 (20. Rd1 $14 Qc7 21. Qd3) 20... Nc6 21. bxc5 {Black must now prevent Rd1.} Nd4 22. Qd3 bxc5 $40 {[%mdl 128] Black is up to no good.} 23. Rd1 Bf8 $1 24. Bf1 Qc7 25. Ne4 Bxe4 26. Qxe4 Rb8 27. Ra1 Qb6 28. Bf2 a5 29. Bd3 a4 30. Rb1 (30. Be1 $11) 30... Be7 (30... Qa7 $17) 31. Be1 (31. Ra1 $1 $11) 31... Qb3 (31... Qa6 $1 $17) 32. Bc3 $11 Rd8 33. Ra1 Kg7 34. h3 (34. Kf2 $11 {remains equal.}) 34... h5 (34... a3 $17 35. Rxa3 Qd1+ 36. Kh2 Bh4 37. Bxd4 Rxd4) 35. Kh2 h4 36. Kg1 Kg8 (36... a3 $5 37. Rxa3 Qd1+ 38. Kf2 Rd7 $11) 37. Kh2 Bf8 $1 38. Kg1 ({White should play} 38. Qe3 $15) 38... Bh6 $1 $17 39. Kh2 (39. Kf1 $17 {keeps fighting.}) 39... Kg7 40. Kg1 Rd7 41. Kh2 $2 {[#]} (41. Kf2) 41... Kh7 (41... a3 $142 $1 {[%mdl 512]} 42. Rxa3 Qd1) 42. Kg1 {[#]} a3 $1 {[%cal Ra3b2]} 43. Rxa3 Qd1+ 44. Bf1 Bxf4 $2 (44... Nf5 $19 {...Qc1 is the strong threat.} 45. Qe1 Bxf4) 45. Qe1 $2 (45. Be1 $15) 45... Qh5 46. Ra8 $2 (46. Bxd4 Rxd4 47. Rf3) 46... Qg5 (46... Nf5 $142 47. Ra1 Be3+ 48. Kh1 Ng3+ 49. Kh2 Qg5) 47. Bxd4 $19 cxd4 ({Don't take} 47... Rxd4 48. Ra3 $19) 48. Bd3 Bg3 49. Qf1 Qe3+ (49... Bxe5 $2 50. b4 $19) ({Weaker is} 49... Qxe5 50. Kh1 $17) 50. Kh1 Bxe5 51. b3 $2 (51. Ra3 Qg3 52. Qg1) 51... Kg7 52. Rc8 Ra7 {Black mates.} 53. Rd8 Qg3 {[%csl Ge5][%cal Rg3h2]} 54. Kg1 Ra2 {[%csl Ge5][%cal Rg3h2]} 55. Be2 Qe3+ {Precision: White = 21%, Black = 43%.} 0-1

[Event "Moscow ch-T 2018"]
[Site "Moscow"]
[Date "2018.09.20"]
[Round "1"]
[White "Kirushin, Ivan"]
[Black "Kukhmazov, Arsen"]
[Result "0-1"]
[WhiteElo "1807"]
[BlackElo "2395"]
[Annotator "TA"]
[PlyCount "116"]
[EventDate "2018.09.20"]
[EventType "team-tourn"]
[EventCountry "RUS"]
[SourceTitle "playchess.com"]
[Source "ChessBase"]
[SourceQuality "1"]

{[%evp 25,116,0,0,-8,41,0,9,0,0,0,0,0,0,-11,-15,-10,-18,-27,-17,-50,-56,-47,-52,-112,0,0,-1,-5,-8,-38,-29,-24,-6,-22,-5,-22,-25,-80,-77,-132,-118,-221,-241,-220,-225,-219,-216,-191,-118,-116,-67,-58,-52,-172,-182,-162,-86,-74,-83,-109,-68,-147,-145,-259,-277,-670,-408,-526,-509,-833,-839,-29975,-29976,-29976,-29976,-5708,14,-39,-39,-39,0,0,0,-43,-34,-49,-54,-48,-39,-4937,-4929,-29986,-29987]} 1. e4 c6 2. d4 d5 3. Nc3 dxe4 4. Nxe4 Bf5 5. Ng3 Bg6 6. h4 h6 7. Nf3 e6 8. h5 Bh7 9. Bd3 Bxd3 10. Qxd3 Nf6 11. Bd2 c5 12. O-O-O Nc6 {B19: Classical Caro-Kann: 4...Bf5 main line} 13. Bc3 Qd5 {LiveBook: 61 Games} 14. Kb1 O-O-O {The position is equal.} (14... c4 $5 {[%cal Rc4d3]} 15. Qe2 Rc8 $11) (14... c4 15. Qe2 b5 16. Be1 Bd6 17. Nf1 O-O 18. Ne3 Qe4 19. Rh4 Qh7 {1-0 (89) Heberla,B (2570)-Socko,B (2593) Zgierz 2018}) 15. Ne5 $146 ({Predecessor:} 15. Qe2 Be7 16. Ne5 Rhf8 17. dxc5 Qxg2 18. Nxf7 Rxd1+ 19. Rxd1 Bxc5 20. Qxe6+ {1-0 (48) Eggleston,D (2398)-Illingworth,M (2439) Kecskemet 2014}) 15... Nxe5 $1 16. dxe5 {[#] Hoping for Qe2.} Qxd3 17. cxd3 Nd5 18. Ne2 Be7 19. d4 c4 20. Bd2 Kd7 21. Nc3 Kc6 22. Be3 b5 23. Ne4 b4 24. b3 (24. Rde1 $15) 24... cxb3 (24... c3 $17 {White should prevent ...a5.} 25. Rh3 Kb5) 25. axb3 $11 a5 26. Kb2 Kb5 27. Ra1 f5 $36 {[%mdl 2048] Black has the initiative.} 28. exf6 $1 gxf6 {[%cal Bg7f6,Bf6f5][%mdl 32]} 29. Rhc1 Rc8 30. Rxc8 Rxc8 31. Bxh6 (31. Rc1 $11 {remains equal.} Rg8 32. Bxh6) 31... Rh8 $17 32. Bd2 (32. Be3 $142) 32... Rxh5 33. g3 (33. Ng3 $17 {was worth a try.} Rh2 34. Rg1) 33... f5 $19 34. Nc5 Bxc5 35. dxc5 {[%mdl 4096] Endgame KRB-KRN} Rh2 ({Resist} 35... Kxc5 36. Rxa5+ Kd4 37. Kc2 $15) 36. Be1 Nc3 ({Don't take} 36... Kxc5 37. Rxa5+ Kd4 38. Ra6 $15) ({Black should play} 36... Ne7 $19 37. Rd1 Kxc5) 37. c6 $17 {next c7 is good for White.} Kxc6 38. Rxa5 Nd1+ 39. Kb1 (39. Kc2 $15 Nxf2 40. Ra6+ Kd5 41. Bxb4) 39... Nxf2 $19 40. Bxb4 Nd3 (40... Ne4 $19 41. Re5 Re2) 41. Bc3 $17 Rg2 42. b4 Rxg3 {And now ...Nxb4! would win.} 43. b5+ (43. Kc2 $15) 43... Kc5 44. Ra6 (44. Kc2 $17) 44... Kc4 $19 ({Much less strong is} 44... Kxb5 45. Rxe6 Kc4 46. Bd2 $17) 45. Bd2 $2 (45. Rc6+ Nc5 46. Be5 Rb3+ 47. Kc2 Rxb5 48. Rd6) 45... Nc5 46. Rb6 e5 47. Rb8 (47. Rc6 $142 Kxb5 48. Rc8) 47... Kb3 48. Rc8 {[#]} Rg1+ $1 49. Bc1 Ne4 50. b6 Nd2+ $2 (50... Nc3+ $19 51. Rxc3+ Kxc3) 51. Ka1 $15 {Threatening mate with b7.} Nc4 {[%cal Rg1c1]} 52. Kb1 Na3+ 53. Ka1 {Threatens to win with b7.} Nc4 {[%cal Rg1c1]} 54. Kb1 {Strongly threatening b7.} Rg7 {aiming for ...f4.} 55. Rc7 Rg6 56. b7 Rb6 57. Rf7 $2 {[%mdl 8192]} (57. Bg5 $15) 57... Kc3+ $19 58. Ka2 Kc2 {Precision: White = 37%, Black = 65%.} 0-1

[Event "Moscow ch-T 2018"]
[Site "Moscow"]
[Date "2018.09.22"]
[Round "2"]
[White "Afanasiev, Nikita"]
[Black "Gurvich, Vitaly"]
[Result "1-0"]
[WhiteElo "2487"]
[BlackElo "2280"]
[Annotator "TA"]
[PlyCount "156"]
[EventDate "2018.09.20"]
[EventType "team-tourn"]
[EventCountry "RUS"]
[SourceTitle "playchess.com"]
[Source "ChessBase"]
[SourceQuality "1"]

{[%evp 16,156,6,1,6,0,14,4,15,0,8,0,31,16,27,32,75,25,25,27,21,28,23,17,18,12,16,16,12,16,20,1,27,22,8,20,0,-12,0,-45,-29,-36,39,-70,-70,-70,-73,-86,-51,-87,-64,-70,-25,-50,-61,-70,-56,-72,-61,-91,-93,-99,-79,-107,-91,-79,-99,-120,-91,-99,-72,-73,-51,-104,-72,-77,-60,-41,61,74,112,107,161,152,150,150,146,155,167,184,161,168,183,171,141,141,135,141,141,141,321,315,276,294,259,253,400,369,359,312,355,349,440,446,448,448,486,420,448,448,448,448,758,712,1719,1686,1520,1339,6199,6035,6319,6283,6709,6645,5687,5189,29971,29972,6829,6609,29973,12458,6103]} 1. d4 Nf6 2. Nf3 g6 3. Nc3 d5 4. Bf4 Bg7 5. Nb5 Na6 6. e3 {D00: 1 d4 d5: Unusual lines} c6 7. Nc3 Nc7 (7... O-O 8. h3 Qa5 9. Nd2 Nd7 10. Nb3 Qb6 11. Be2 e5 12. Bg3 Re8 13. O-O {1-0 (58) Melkumyan,H (2660)-Jones,G (2677) chess.com INT 2018}) 8. h3 O-O 9. Be2 {LiveBook: 15 Games} c5 10. O-O cxd4 11. exd4 Bf5 $146 ({Predecessor:} 11... Nce8 12. Re1 Nd6 13. Bf1 {1-0 (30) Okhotnik,V (2384)-Iolis,O (2151) Charleroi 2018}) 12. Nd2 {[%cal Bf3d2,Bd2f1,Bf1e3][%mdl 32]} Rc8 13. Re1 Na8 14. Nf1 Nb6 15. Ne3 Be6 16. Bd3 Ne8 {[%cal Bf6e8,Be8d6,Bd6c4][%mdl 32]} 17. Ne2 Nd6 18. c3 Ndc4 19. Rb1 Qd7 20. Ng3 Nxe3 21. Rxe3 Nc4 22. Re2 b5 23. Qe1 b4 24. cxb4 Bxd4 25. a4 Rfd8 ({Wrong is} 25... Qxa4 $2 26. b3 $18) 26. Kh2 Bg7 ({But not} 26... Qxa4 $6 27. b3 $16) 27. b5 d4 28. Kg1 Re8 (28... Nb6 $15) 29. Rxe6 (29. Be4 $14) 29... Qxe6 $15 30. Qxe6 fxe6 31. Ne4 Nb6 32. Ra1 Nd5 33. Bd2 Be5 34. g3 Bd6 35. Kf1 Bb4 36. Bh6 e5 37. a5 e6 38. Ra4 Be7 39. Bd2 Kf7 40. Ke2 Red8 41. Bc4 Rd7 42. Kd3 Rdc7 43. b3 Rb8 44. Ra1 (44. f4 $15) 44... Rd7 45. Re1 Rdb7 46. h4 {[%cal Bh3h4,Bh4g5][%mdl 32]} Rd7 (46... Nb4+ $15 47. Ke2 h5) 47. Ng5+ $14 Bxg5 48. hxg5 Rdb7 (48... h6 $16 {was called for.}) 49. Rxe5 $18 Rxb5 50. Bxb5 Rxb5 {[%mdl 4096] Endgame [#] KRB-KRN} 51. Kc4 $1 {[%cal Rc4b5]} a6 52. Re4 e5 53. Rxe5 Ne3+ 54. Kxd4 {Strongly threatening Rxb5.} Nf5+ 55. Ke4 {[#] Threatens to win with Rxb5.} Nd6+ 56. Kf4 Rxb3 57. Rc5 Nb5 $2 (57... Ke6 $16 {was necessary.} 58. Rc6 Kd5 59. Rxa6 Nc4) 58. Rc6 Rd3 59. Be3 Rd6 60. Rc8 Rd7 (60... Ke6 $142 61. Bb6 Kd5) 61. Ke5 Nc7 62. Ke4 Nb5 {aiming for ...Nd6+.} 63. Ra8 Nc7 64. Ra7 Ke8 65. Kf3 Rf7+ 66. Kg4 Rd7 67. Bf4 Nd5 68. Rxa6 Nxf4 (68... Ke7 $142 69. Be5 Nb4) 69. Kxf4 {KR-KR} Rd5 70. Kg4 Kf7 71. Ra7+ Kg8 72. a6 Ra5 73. Kf4 Rf5+ 74. Ke4 Ra5 75. f4 Kh8 76. g4 {[%cal Bg3g4,Bg4f5][%mdl 32]} Kg8 77. f5 gxf5+ 78. gxf5 Ra1 {Precision: White = 65%, Black = 30%.} 1-0

[Event "Moscow ch-T 2018"]
[Site "Moscow"]
[Date "2018.09.22"]
[Round "2"]
[White "Kozionov, Kirill"]
[Black "Cherednichenko, Dmitrij"]
[Result "1/2-1/2"]
[WhiteElo "2458"]
[BlackElo "2298"]
[Annotator "TA"]
[PlyCount "76"]
[EventDate "2018.09.20"]
[EventType "team-tourn"]
[EventCountry "RUS"]
[SourceTitle "playchess.com"]
[Source "ChessBase"]
[SourceQuality "1"]

{[%evp 35,76,0,0,-32,-6,-31,-28,-29,-25,-26,-26,-28,-34,-27,-10,-13,-12,-48,-47,-86,-87,-123,-102,-123,-123,-122,-103,-99,-99,-119,-89,-95,-110,-127,-116,-124,-124,-131,0,-116,0,-120,0]} 1. d4 {CB} d5 2. c4 e6 3. Nc3 c6 4. Nf3 dxc4 5. e3 b5 6. a4 Bb4 7. Bd2 a5 8. axb5 Bxc3 9. Bxc3 cxb5 10. b3 Bb7 11. bxc4 b4 12. Bb2 Nf6 13. Bd3 O-O 14. O-O Nbd7 15. Re1 Ne4 {D31: Queen's Gambit Declined: Semi-Slav without ...Nf6 (+ Marshall Gambit and Noteboom) and Exchange Variation lines without ...Nf6} 16. Qc2 f5 17. c5 Qc7 18. Bb5 Bd5 {[#] LiveBook: 6 Games} 19. Rac1 $146 ({Predecessor:} 19. Qe2 Ndf6 20. h3 g5 21. Ne5 g4 22. hxg4 fxg4 23. Nd3 {0-1 (42) Onischuk,A (2674)-Shirov,A (2739) Khanty-Mansiysk 2007 CBM 122 [CB]}) 19... b3 20. Qe2 a4 21. Ba3 Rfb8 22. Bxd7 Qxd7 23. Ne5 Qb5 24. Qb2 Rc8 25. f3 Nf6 26. Rc3 Nd7 27. Nxd7 Qxd7 28. e4 Bc6 $36 {[%mdl 2048] [#] Strongly threatening ...fxe4. Black is on the roll.} 29. Rd3 fxe4 30. fxe4 Qb7 31. Rde3 Re8 32. Qc3 Rad8 33. Bb2 {[#] aiming for d5!} Qa7 $1 34. Ba3 Qd7 35. Rd1 Qb7 36. Rde1 Qd7 37. Rd1 $1 Qb7 38. Rde1 Qd7 {Precision: White = 38%, Black = 61%.} (38... Rf8 $17 39. Bb2 (39. d5 $2 exd5 40. exd5 Rxd5 $19) 39... Rf7) 1/2-1/2

[Event "Moscow ch-T 2018"]
[Site "Moscow"]
[Date "2018.09.22"]
[Round "2"]
[White "Dvalishvili, Pavel S."]
[Black "Chibukhchyan, Erik"]
[Result "1-0"]
[WhiteElo "2408"]
[BlackElo "2264"]
[Annotator "TA"]
[PlyCount "83"]
[EventDate "2018.09.20"]
[EventType "team-tourn"]
[EventCountry "RUS"]
[SourceTitle "playchess.com"]
[Source "ChessBase"]
[SourceQuality "1"]

{[%evp 26,83,37,25,33,35,22,42,42,43,37,25,66,54,62,59,115,102,111,111,102,121,136,128,150,128,165,105,110,104,104,98,106,110,112,110,103,84,83,76,114,106,275,195,266,275,226,185,172,184,200,178,477,478,469,419,901,829,1405,1400]} 1. e4 e5 2. Nf3 Nc6 3. Bb5 Nge7 4. c3 g6 5. d4 exd4 6. cxd4 d5 7. exd5 Nxd5 8. O-O Bg7 9. Bg5 Qd6 10. Re1+ Be6 11. Nbd2 {[%cal Bb1d2,Bd2e4,Be4c5][%mdl 32]} Qb4 12. Bxc6+ bxc6 13. Qc1 O-O 14. Ne4 Qb6 {C60: Ruy Lopez: Unusual Black 3rd moves and 3...g6} (14... Rfe8 15. Bd2 Qb6 16. Nc5 Bf5 17. Ne5 Re7 18. a4 Bxe5 19. dxe5 Rb8 20. b4 Rbe8 21. Qc4 Rxe5 22. Rxe5 Rxe5 {½-½ (39) Ly,M (2501)-Banusz,T (2616) Abu Dhabi 2016}) 15. Bh6 Rfe8 16. Bxg7 Kxg7 {White is slightly better.} 17. Nc5 Bf5 $1 18. Ne5 f6 19. Nc4 Qb4 {And now ...Rxe1+ would win.} 20. Ne3 $146 ({Predecessor:} 20. b3 Nf4 21. a3 Qxe1+ 22. Qxe1 Rxe1+ 23. Rxe1 {1-0 (39) Jansa,V (2455)-Schwarzkopf,C (2265) Badenweiler 1990}) 20... Nxe3 ({Better is} 20... Kh8 $14) 21. fxe3 $16 Re7 {[#]} 22. a3 $1 {[%cal Ra3b4]} Qb5 23. e4 Be6 24. Qc3 Rae8 25. Rac1 Bf7 26. e5 (26. b3 $18) 26... Bd5 27. exf6+ Kxf6 28. Re5 {Rce1 is the strong threat.} ({Much worse is} 28. Rxe7 Rxe7 29. Rf1+ Kg7 $11) 28... Kg7 {White should prevent ...Rxe5.} 29. a4 Qb8 30. Rce1 Qd8 31. Qe3 $36 {[%mdl 2048] Keeping Black busy.} Rxe5 32. dxe5 Qh4 33. h3 a5 $2 (33... Qe7 $16 {is a better defense.}) 34. Re2 Qe7 (34... Be6 {was worth a try.} 35. b3 Qb4 36. Nxe6+ Rxe6) 35. Qc3 $18 Qg5 36. Qd4 ({Stronger than} 36. Qxa5 Qc1+ 37. Kh2 Qf4+ 38. Kg1 Qd4+ 39. Kh2 Qf4+ 40. Kg1 Qc4 $11) 36... Kg8 37. Nd7 Re7 38. Nf6+ Qxf6 $2 (38... Kg7 {might work better.} 39. Kh2 (39. Nxd5 Qc1+ 40. Kh2 cxd5 $16) 39... Ba2) 39. exf6 Rxe2 40. g4 Rg2+ (40... Kf7 $142 41. Qf4 Re1+ 42. Kf2 Re4 43. Qxc7+ Kxf6 44. Qxa5 Rf4+ 45. Kg1 Rf3 46. Qd8+ Ke6 47. Qg8+ Kd6 48. Qxh7 Kc5 49. Qxg6 Rg3+ 50. Kf2 Rf3+ 51. Ke2 Rxh3) 41. Kf1 {[#] Intending Qe3 and mate.} Rg3 42. Qe5 {Precision: White = 85%, Black = 34%.} 1-0

[Event "Moscow ch-T 2018"]
[Site "Moscow"]
[Date "2018.09.22"]
[Round "2"]
[White "Elistratov, Semen"]
[Black "Korchagina, Alena"]
[Result "1-0"]
[WhiteElo "2400"]
[BlackElo "2191"]
[Annotator "ChessBase"]
[PlyCount "105"]
[EventDate "2018.09.20"]
[EventType "team-tourn"]
[EventCountry "RUS"]
[SourceTitle "playchess.com"]
[Source "ChessBase"]
[SourceQuality "1"]
[TimeControl "5400+30"]

1. Nf3 {[%emt 0:00:00]} d5 {[%emt 0:06:14]} 2. g3 {[%emt 0:00:12]} Nf6 {[%emt 0:00:25]} 3. Bg2 {[%emt 0:00:21]} Bf5 {[%emt 0:00:33]} 4. O-O {[%emt 0:01:27]} h6 {[%emt 0:00:10]} 5. c4 {[%emt 0:00:59]} c6 {[%emt 0:01:36]} 6. d3 {[%emt 0:04:56]} e6 {[%emt 0:00:36]} 7. cxd5 {[%emt 0:00:47]} exd5 {[%emt 0:03:15]} 8. Nc3 {[%emt 0:00:08]} Bc5 {[%emt 0:04:10]} 9. Qb3 {[%emt 0:03:06]} Qc8 {[%emt 0:05:05]} 10. e4 {[%emt 0:03:21]} dxe4 {[%emt 0:04:04]} 11. dxe4 {[%emt 0:01:20]} Be6 {[%emt 0:00:13]} 12. Qc2 {[%emt 0:00:03]} Na6 {[%emt 0:00:54]} 13. Ne2 {[%emt 0:06:11]} O-O {[%emt 0:06:39]} 14. Nf4 {[%emt 0:04:02]} Re8 {[%emt 0:03:56]} 15. a3 {[%emt 0:06:09]} Bg4 {[%emt 0:05:46]} 16. h3 {[%emt 0:10:34]} Bxf3 {[%emt 0:00:48]} 17. Bxf3 {[%emt 0:00:05]} Bf8 {[%emt 0:03:03]} 18. b4 {[%emt 0:02:46]} g5 {[%emt 0:05:37]} 19. Nh5 {[%emt 0:04:29]} Nxh5 {[%emt 0:00:14]} 20. Bg4 {[%emt 0:00:16]} Qd8 {[%emt 0:03:52]} 21. Bxh5 {[%emt 0:00:15]} Bg7 {[%emt 0:00:27]} 22. Rb1 {[%emt 0:02:12]} Nc7 {[%emt 0:01:07]} 23. Bf3 {[%emt 0:02:21]} Ne6 {[%emt 0:02:31]} 24. Bg2 {[%emt 0:00:07]} Nd4 {[%emt 0:05:59]} 25. Qc4 {[%emt 0:06:07]} Qe7 {[%emt 0:02:16]} 26. f4 {[%emt 0:05:57]} gxf4 {[%emt 0:09:38]} 27. gxf4 {[%emt 0:00:37]} b5 {[%emt 0:06:05]} 28. Qd3 {[%emt 0:03:56]} c5 {[%emt 0:00:58]} 29. bxc5 {[%emt 0:13:03]} Qxc5 {[%emt 0:00:07]} 30. Kh1 {[%emt 0:00:45]} Qc4 {[%emt 0:09:34]} 31. Qe3 {[%emt 0:06:44]} Nf5 {[%emt 0:04:04]} 32. Qf2 {[%emt 0:03:07]} Nd4 {[%emt 0:05:22]} 33. Bb2 {[%emt 0:01:03]} Rad8 {[%emt 0:00:33]} 34. Rbc1 {[%emt 0:02:09]} Qa4 {[%emt 0:00:34]} 35. Rc3 {[%emt 0:01:20]} Kh8 {[%emt 0:00:25]} 36. Rg3 {[%emt 0:01:18]} Rg8 {[%emt 0:00:11]} 37. Rd3 {[%emt 0:02:26]} Ne6 {[%emt 0:00:29]} 38. Rxd8 Nxd8 {[%emt 0:00:48]} 39. Bxg7+ {[%emt 0:00:53]} Rxg7 {[%emt 0:00:08]} 40. Qd2 {[%emt 0:01:32]} Ne6 {[%emt 0:00:29]} 41. f5 {[%emt 0:00:36]} Ng5 {[%emt 0:00:45]} 42. e5 {[%emt 0:01:43]} Qh4 {[%emt 0:00:45]} 43. Qe3 {[%emt 0:00:52]} Qc4 {[%emt 0:00:18]} 44. Rc1 {[%emt 0:00:21]} Qa2 {[%emt 0:00:06]} 45. h4 {[%emt 0:01:02]} Nh7 {[%emt 0:00:28]} 46. Rc8+ {[%emt 0:00:27]} Rg8 {[%emt 0:00:03]} 47. Rxg8+ Kxg8 {[%emt 0:00:03]} 48. Qg3+ {[%emt 0:01:13]} Kf8 {[%emt 0:00:41]} 49. Kh2 {[%emt 0:00:29]} Qc2 {[%emt 0:00:53]} 50. Qf4 {[%emt 0:00:14]} Ke8 {[%emt 0:01:16]} 51. e6 {[%emt 0:00:51]} fxe6 {[%emt 0:00:43]} 52. fxe6 {[%emt 0:00:05]} Qg6 {[%emt 0:00:31]} 53. Qd6 {[%emt 0:00:09]} 1-0